000 00927nam a2200265 i 4500
001 18284
003 ES-MaACL
005 20240224124236.0
007 t|
008 011121s2000 sp ||||1| spa d
020 _a84-253-3433-0
080 _a(038)=111=134.2
080 _a(038)=134.2=111
245 0 0 _aCollins diccionario español-inglés, Englihs-Spanish.
250 _a6ª ed.
260 _aBarcelona :
_bGrijalbo ;
_aNew York :
_bCollins,
_c2000.
300 _aXLV, 2141, 63 p. ;
_c27 cm +
_e1 disco CD-ROM.
505 8 _aContiene disco: "Diccionario de sinónimos del inglés"
650 1 4 _aLengua española-
_vDiccionarios-
_xInglés.
_914142
650 1 4 _aLengua inglesa-
_vDiccionarios-
_xEspañol.
_914270
852 _aES-MaACL
_jA-15181
_bR.130459
_9 18843
_cDEPO1
_dOlim: DIC L 134.2=111 col
_dOlim: Meseton
852 _aES-MaACL
_jROT 1/7/18
_z. - CD-ROM
942 _2udc
999 _c18284
_d18284